00762nam a2200145Ia 4500008004100000020001500041050001500056100003200071245006500103250001900168260003700187300003100224505033300255650002800588120625s2006 mx 001 0 spa d a9688670707 4aHM24 bD871 aDurkheim, Émilee , autor14aLas reglas del método sociológico c / Émile Durkheim  a1a. edición  aMéxicob : Colofón c , 2006 a135 páginas c ; 21 cm. 0 a¿Qué es un hecho social? Reglas relativas a la observación de los hechos sociales Reglas relativas a la distinción de lo normal y lo patológico Reglas relativas a la constitución de los tipos sociales Reglas relativas a la explicación de los hechos sociales Reglas relativas a la administración de la prueba  4aSOCIOLOGÍAxMÉTODO